00849cam a2200253 i 450000100090000000300050000900500170001400800410003101000170007202000240008902000210011304000230013404200080015705000230016508200130018824501280020126000520032930000460038150000230042765000530045065000350050370000240053871000330056218143438SISC20170517163319.0140507s2012 nyuac b 000 0 eng  a 2013372148 a9781934758151 (pbk) a1934758159 (pbk) aDLCbengcDLCerda apcc00aRT 73b.Si614 200700a616.2/3800aSimulation in nursing education :bfrom conceptualization to evaluation /cPamela R. Jeffries, PhD, RN, FAAN, ANEF, editor. aNew York :bNational League for Nursing,c2007. axvi, 168 pages :billustrations ;c23 cm. aIncludes appendix. 0aNursingxStudy and teachingxSimulation methods. 0aSimulation games in education.1 aJeffries, Pamela R.2 aNational League for Nursing.